Long term marriage: (Record no. 14669)

000 -LEADER
fixed length control field 00684nam a2200205 a 4500
001 - CONTROL NUMBER
control field :::00012502$&:&@@
003 - CONTROL NUMBER IDENTIFIER
control field OkBaRHE
005 - DATE AND TIME OF LATEST TRANSACTION
control field 20000607103420.0
008 - FIXED-LENGTH DATA ELEMENTS--GENERAL INFORMATION
fixed length control field s1980 j 000 0 eng u
020 ## - INTERNATIONAL STANDARD BOOK NUMBER
International Standard Book Number 0849900964
040 ## - CATALOGING SOURCE
Transcribing agency
100 1# - MAIN ENTRY--PERSONAL NAME
Personal name Thatcher, Floyd W. and Thatcher, Harriett.
245 10 - TITLE STATEMENT
Title Long term marriage:
Remainder of title a search for the ingredients of a lifetime partnership.
260 ## - PUBLICATION, DISTRIBUTION, ETC. (IMPRINT)
Place of publication, distribution, etc Waco, TX., :
Name of publisher, distributor, etc Word Books
Date of publication, distribution, etc c1980
300 ## - PHYSICAL DESCRIPTION
Extent 216 p. ;
Dimensions 24 cm.
650 ## - SUBJECT ADDED ENTRY--TOPICAL TERM
Topical term or geographic name as entry element Marriage
General subdivision United States
700 ## - ADDED ENTRY--PERSONAL NAME
Personal name Thatcher, Harriett, Joint author.
942 ## - ADDED ENTRY ELEMENTS (KOHA)
Source of classification or shelving scheme
Koha item type Books
Copies
Not for loan Source of classification or shelving scheme Damaged status Permanent Location Koha item type Barcode Full call number Date last seen Withdrawn status Shelving location Date acquired Lost status Price effective from Copy number
   RHEMA Bible Training CollegeBooks12502HQ 734 .T382010-04-14 General Stacks2010-04-14 2010-04-141